00404nam a22001097a 4500082001200000100001600012245014400028260003700172300002000209650003700229700002800266 a620.005 aTariq, Anum aAssessment of Project Management Maturity in IT Power Sector Organization of Pakistan and Recommendations for its Improvement /cAnum Tariq aIslamabad :bCEME - NUST,c2017. a104 p. ;c30cm. aEngineering Management-MS-Thesis aDr. Faheem Qaisar Jamal